| 000 | 01025nam a2200277 a 4500 | ||
|---|---|---|---|
| 001 | 000019461 | ||
| 005 | 20200929170026.0 | ||
| 008 | 100629s2005 es c 000 0bspa d | ||
| 020 | _a8497645782 | ||
| 040 |
_aDO-SdBNP _bspa _cBNPHU |
||
| 082 |
_a923.132 _bC628P |
||
| 100 | 1 |
_aPérez, Ignacio Saúl _941796 |
|
| 245 | 1 | 0 |
_aCleopatra VII / _cIgnacio Saúl Pérez, Juana de Casal ; coordinador general Felipe Sen ; coordinador de colección Mar de Ventura Fernández. |
| 260 |
_aMadrid, España : _bPerymat, _c2005. |
||
| 300 |
_a190 p. : _bretrs. ; _c22 cm. |
||
| 490 | 1 | _aMujeres en la historia | |
| 500 | _aIncluye datos biográficos del autor en el chaleco | ||
| 504 | _aIncluye bilbiografías (p. 155-158) | ||
| 600 | 1 | 4 |
_aCLEOPATRA, _cREINA DE EGIPTO, _y69-30 A.DE C. _941797 |
| 651 | 4 |
_aEgipto _xHistoria _941798 |
|
| 700 | 1 |
_aCasal, Juana de _941799 |
|
| 700 | 1 |
_aSen, Felipe, _ecoord. _941707 |
|
| 700 | 1 |
_aVentura Fernández, Mar de, _ecoord. _941759 |
|
| 830 | 0 |
_aMujeres en la historia _941760 |
|
| 049 | _aBNPD | ||
| 999 |
_c18977 _d18977 |
||